Online
Catalog

Admirable y prodigiosa vida de la seráfica y esclarecida virgen Santa Catalina de Sena, de la tercera orden de penitencia que fundó Santo Domingo, inclito patriarca de la religión ilustre de predicadores / (Record no. 33328)

MARC details
000 -CABECERA
campo de control de longitud fija 00649nam a2200157 a 4500
001 - NÚMERO DE CONTROL
campo de control 000033837
005 - FECHA Y HORA DE LA ÚLTIMA TRANSACCIÓN
campo de control 20200930070547.0
008 - DATOS DE LONGITUD FIJA--INFORMACIÓN GENERAL
campo de control de longitud fija 110913s1791 sp a 000 0 spa d
040 ## - FUENTE DE LA CATALOGACIÓN
Centro catalogador/agencia de origen DO-SdBNP
Lengua de catalogación spa
Centro/agencia transcriptor BNPHU
082 ## - NÚMERO DE LA CLASIFICACIÓN DECIMAL DEWEY
Número de clasificación xxx
Número de documento/Ítem G216a
100 1# - ENTRADA PRINCIPAL--NOMBRE DE PERSONA
Nombre de persona García, Santiago
9 (RLIN) 9870
245 10 - MENCIÓN DE TÍTULO
Título Admirable y prodigiosa vida de la seráfica y esclarecida virgen Santa Catalina de Sena, de la tercera orden de penitencia que fundó Santo Domingo, inclito patriarca de la religión ilustre de predicadores /
Mención de responsabilidad, etc. Santiago García.
250 ## - MENCIÓN DE EDICIÓN
Mención de edición 2a ed.
260 ## - PUBLICACIÓN, DISTRIBUCIÓN, ETC.
Lugar de publicación, distribución, etc. Salamanca, España :
Nombre del editor, distribuidor, etc. Oficina de D. Francisco de Toxar,
Fecha de publicación, distribución, etc. 1791.
300 ## - DESCRIPCIÓN FÍSICA
Extensión 496 p. :
Otras características físicas il. ;
Dimensiones 20 cm.
Holdings
Estado de retiro Estado de pérdida Restricciones de uso No para préstamo Código de colección Localización permanente Ubicación/localización actual Ubicación en estantería Fecha de adquisición Número de inventario Total de préstamos Signatura topográfica completa Código de barras Fecha visto por última vez Precio válido a partir de Tipo de ítem Koha
      Excluido de préstamo Raros y valiosos General General En catalogación 13.09.2011 LF1   xxx G216a 33837-10 25.06.2020 25.06.2020 No se presta

Powered by Koha